| 000 | 00378nam a2200133Ia 4500 | ||
|---|---|---|---|
| 005 | 20260328104333.0 | ||
| 008 | 260328s9999||||xx |||||||||||||| ||und|| | ||
| 100 | _aMedina, Joaquín | ||
| 245 | 0 |
_aPAUL Linder, 1897-1968 de Weimar a Lima. Antología de Arquitectura y Crítica / _cJoaquín Medina |
|
| 260 | _bPucp | ||
| 300 | _a429 p. | ||
| 650 | _aARQUITECTURA | ||
| 942 | _cBK | ||
| 999 |
_c11777 _d11777 |
||